000 00484nam a22001817a 4500
003 OSt
008 220413b ||||| |||| 00| 0 eng d
020 _a9789353591175
082 _a650 SIB
100 _aSINGH, Naib,. Jassal
245 _aBusiness Environment of Haryana
250 _a2nd Revised Edition
260 _aNew Delhi
_bKalyani Publishers
_c2019
300 _a17.18
650 _aBusiness Environment of Haryana Commerce
700 _aSINGH, Satbir
942 _2ddc
_cBK
999 _c11137
_d11137